000 00410nam a2200193Ia 4500
001 110170
003 YMCAF
005 20230512162412.0
008 100717s2001 ||||||||||||||||| ||und|d
024 _a110170
035 _aWB1157
040 _aYMCAF
_beng
_cIN-KoLT
041 _aeng
100 _aMan, K F
245 0 _aGenetic algorithm
260 _bSpringer
_c2001
300 _a344
942 _2ddc
_cBK
999 _c11759
_d11759